Statistiques concernant Les plus gros partenaires commerciaux - Macédoine du Nord

Cliquez ici pour prendre le quiz!

Statistiques générales

  • Ce quiz a été pris 81 fois
  • Le résultat moyen est 18 sur 22

Statistiques - réponses

exportationsimportationspays% Correct
148 milRussie
99%
444 milChine
95%
204 mil618 milGrèce
95%
2662 mil910 milAllemagne
92%
107 milEspagne
91%
177 milEtats-Unis
91%
298 mil552 milSerbie
91%
89 mil367 milTurquie
91%
185 mil427 milItalie
89%
333 mil332 milBulgarie
86%
223 milPologne
83%
176 mil246 milRoumanie
83%
85 milBosnie-Herzégovine
82%
87 milCroatie
82%
77 mil780 milRoyaume-Uni
82%
76 mil157 milSlovénie
82%
134 milAutriche
78%
86 mil207 milHongrie
76%
177 milKosovo
72%
78 milPays-Bas
64%
201 milBelgique
59%
250 milAfrique du Sud
13%

Distribution des résultats

Percentile par nombre de réponses

% des personnes avec chaque résultat

Votre développement - résultats

Vous n’avez pas pris ce quiz